<?xml version="1.0" encoding="UTF-8"?>
<record
    xmlns:xsi="http://www.w3.org/2001/XMLSchema-instance"
    xsi:schemaLocation="http://www.loc.gov/MARC21/slim http://www.loc.gov/standards/marcxml/schema/MARC21slim.xsd"
    xmlns="http://www.loc.gov/MARC21/slim">

  <leader>01559dam#a2200265   4500</leader>
  <controlfield tag="001">9786071521279</controlfield>
  <controlfield tag="003">VST</controlfield>
  <controlfield tag="005">20250425090631.0</controlfield>
  <controlfield tag="006">m     o  d        </controlfield>
  <controlfield tag="007">cr#un#---uucau</controlfield>
  <controlfield tag="008">230907s2023    MEX                     d</controlfield>
  <datafield tag="020" ind1=" " ind2=" ">
    <subfield code="a">9786071521279</subfield>
  </datafield>
  <datafield tag="040" ind1=" " ind2=" ">
    <subfield code="a">VST</subfield>
    <subfield code="c">VST</subfield>
    <subfield code="d">VST</subfield>
  </datafield>
  <datafield tag="100" ind1="1" ind2=" ">
    <subfield code="a">Idalberto Chiavenato, Ar&#xE3;o Sapiro</subfield>
    <subfield code="e">author</subfield>
  </datafield>
  <datafield tag="245" ind1="1" ind2="0">
    <subfield code="a">Planeaci&#xF3;n estrat&#xE9;gica. De la intenci&#xF3;n de los resultados en la administraci&#xF3;n estrat&#xE9;gica, 5th Edition</subfield>
  </datafield>
  <datafield tag="250" ind1=" " ind2=" ">
    <subfield code="a">fifth edition</subfield>
  </datafield>
  <datafield tag="260" ind1=" " ind2=" ">
    <subfield code="a">Mexico :</subfield>
  </datafield>
  <datafield tag="264" ind1=" " ind2="1">
    <subfield code="a">Mexico :</subfield>
    <subfield code="b">McGraw-Hill Interamericana,</subfield>
    <subfield code="c">2023</subfield>
  </datafield>
  <datafield tag="300" ind1=" " ind2=" ">
    <subfield code="a">1 online resource</subfield>
  </datafield>
  <datafield tag="336" ind1=" " ind2=" ">
    <subfield code="a">text</subfield>
    <subfield code="b">txt</subfield>
    <subfield code="2">rdacontent</subfield>
  </datafield>
  <datafield tag="337" ind1=" " ind2=" ">
    <subfield code="a">computer</subfield>
    <subfield code="b">c</subfield>
    <subfield code="2">rdamedia</subfield>
  </datafield>
  <datafield tag="520" ind1=" " ind2=" ">
    <subfield code="a">Cada d&#xED;a, las organizaciones afrontan fuertes desaf&#xED;os y presiones competitivas en sus mercados y eso las obliga a mantenerse en un proceso &#xE1;gil y continuo de alerta, visi&#xF3;n, fl exibilidad, adaptaci&#xF3;n y ajuste a las condiciones cambiantes de su entorno para mantener su competitividad y sustentabilidad. As&#xED;, las organizaciones exitosas son las que se adaptan con rapidez y continuamente al proceso intenso de cambios y disrupciones en el mundo que las rodea. Es m&#xE1;s, su &#xE9;xito es mucho mayor si consiguen anticiparse de manera proactiva, &#xE1;gil y competitiva a esos cambios inesperados y si pueden ofrecer la innovaci&#xF3;n necesaria para mejorar el nivel de vida de la sociedad. Pero, &#xBF;c&#xF3;mo logran esa proeza? &#xA1;Con la planeaci&#xF3;n estrat&#xE9;gica!</subfield>
  </datafield>
  <datafield tag="856" ind1="4" ind2="0">
    <subfield code="u">https://resolver.vitalsource.com/9786071521279</subfield>
  </datafield>
  <datafield tag="942" ind1=" " ind2=" ">
    <subfield code="c">RAA</subfield>
  </datafield>
  <datafield tag="952" ind1=" " ind2=" ">
    <subfield code="0">0</subfield>
    <subfield code="1">0</subfield>
    <subfield code="4">0</subfield>
    <subfield code="7">0</subfield>
    <subfield code="8">MGH</subfield>
    <subfield code="a">BD-UIN</subfield>
    <subfield code="b">BD-UIN</subfield>
    <subfield code="d">2025-04-25</subfield>
    <subfield code="l">0</subfield>
    <subfield code="r">2025-04-25</subfield>
    <subfield code="w">2025-04-25</subfield>
    <subfield code="y">RAA</subfield>
  </datafield>
  <datafield tag="999" ind1=" " ind2=" ">
    <subfield code="c">229115</subfield>
    <subfield code="d">229115</subfield>
  </datafield>
</record>
